| 000 | 01204nam a2200313 c 4500 | ||
|---|---|---|---|
| 003 | BLK | ||
| 005 | 20210527135341.0 | ||
| 008 | 180407b bul|||||r ||||||| ||bul|| | ||
| 010 | _aKNG00032035000 | ||
| 020 |
_a954-528-174-х _bиздат.: Труд |
||
| 040 | _aBLK | ||
| 041 |
_aBUL _cBUL |
||
| 080 |
_aОбща световна история. История на света _b930.9 _x"19" _z930.9"19" |
||
| 080 |
_aИстория на Европа от 1919 г. Обща история на ХХ в. _b940.5 _x _z940.5 |
||
| 700 | 1 |
_aХауърд, Майкъл _eсъстав. _9270287 |
|
| 700 | 1 |
_aЛуис, Уилям Роджър _eсъстав. _9270288 |
|
| 139 |
_aОксфордска история на 20 век _bО 47 |
||
| 245 | 1 | 0 |
_aОксфордска история на 20 век _cсъстав. Майкъл Хауърд; състав. Уилям Роджър Луис. |
| 260 |
_аСофия _bТруд _c2000 |
||
| 300 |
_a496 с. _c23 см |
||
| 380 | _a9 | ||
| 500 | _aДеп. списък: покупка | ||
| 653 | _aистория | ||
| 852 | _aЦб 204598 | ||
| 856 | 4 |
_qpdf _u |
|
| 856 | 4 |
_qpdf _u |
|
| 942 |
_cKNG _n0 _01 |
||
| 944 |
_aCR _c15.01.2003 _kКети_Илиева |
||
| 944 |
_aED _c28.08.2006 _k |
||
| 999 |
_c29419 _d29419 |
||